Two Infinite Sets of Primes with Fast Primality Tests
Uložené v:
| Hlavný autor: | |
|---|---|
| Ďalší autori: | , |
| Médium: | Kniha |
| Jazyk: | English |
| Vydavateľské údaje: |
Bonn
Inst. für Ökonometrie und Operations Research
1987
|
| Vydanie: | 1. Aufl. |
| Edícia: | Report
No.87484-OR |
| Tagy: |
Žiadne tagy, Buďte prvý, kto otaguje tento záznam!
|
MARC
| LEADER | 00000nam a2200000 4500 | ||
|---|---|---|---|
| 001 | c035002 | ||
| 005 | 20221219120756.0 | ||
| 041 | 0 | |a eng | |
| 044 | |a DE | ||
| 245 | 1 | 0 | |a Two Infinite Sets of Primes with Fast Primality Tests |c Janos Pintz, William L. Steiger, Endre Szemerédi |
| 250 | |a 1. Aufl. | ||
| 264 | 1 | |a Bonn |b Inst. für Ökonometrie und Operations Research |c 1987 | |
| 300 | |a 9 s. | ||
| 490 | 1 | |a Report |v No.87484-OR | |
| 830 | 0 | |a Report |v No.87484-OR | |
| 100 | 1 | |a Pintz, Janos | |
| 700 | 1 | |a Steiger, William L. | |
| 700 | 1 | |a Szemerédi, Endre | |